Atlas of pediatric emergency medicine

Includes bibliographical references and index

Na minha lista:
Detalhes bibliográficos
Autor principal: Shah, Binita R.
Formato: Livro
Idioma:Undetermined
Publicado em: New York McGraw-Hill 2006
Assuntos:
Tags: Adicionar Tag
Sem tags, seja o primeiro a adicionar uma tag!
Thư viện lưu trữ: Trung tâm Học liệu Trường Đại học Cần Thơ
LEADER 00636nam a2200205Ia 4500
001 CTU_186894
008 210402s9999 xx 000 0 und d
020 |c 34.47 
082 |a 618.92 
082 |b S522 
100 |a Shah, Binita R. 
245 0 |a Atlas of pediatric emergency medicine 
245 0 |c Binita R. Shah, Michael Lucchesi 
260 |a New York 
260 |b McGraw-Hill 
260 |c 2006 
520 |a Includes bibliographical references and index 
650 |a Pediatric emergencies,Emergencies,Cấp cứu trẻ em,Cấp cứu 
904 |i Trúc 
980 |a Trung tâm Học liệu Trường Đại học Cần Thơ